000 00535nam a22001935i 4500
001 48365
003 ES-MaACL
005 20250917063033.0
007 t|
008 950713s1898 fr ||||1| fre d
040 _aCAM
_bspa
_cCAM
100 1 _aDaudet, Alphonse,
_d1840-1897
_942799
245 1 0 _aLettres de Mon Moulin /
_cpar Alphonse Daudet.
250 _aEd. definitive.
260 _aParis :
_bEugène Fasquelle,
_c1898.
300 _a[4], 332 p. ;
_c19 cm.
852 _aES-MaACL
_jB-2784
999 _c48365
_d48365